书目信息 |
| 题名: |
幼儿心理健康教育
|
|
| 作者: | 张大均 , 刘衍玲 主编 | |
| 分册: | ||
| 出版信息: | 北京 开明出版社 2012.10 |
|
| 页数: | 160页 | |
| 开本: | 26cm | |
| 丛书名: | 新世纪心理与心理健康教育文库 | |
| 单 册: | ||
| 中图分类: | B844.12 | |
| 科图分类: | ||
| 主题词: | 幼儿--心理健康--健康教育 | |
| 电子资源: | ||
| ISBN: | 978-7-5131-0226-1 | |
| 000 | 01080oam2 2200265 45 | |
| 001 | 1359694327 | |
| 005 | 20130529082934.14 | |
| 010 | @a978-7-5131-0226-1@dCNY29.00 | |
| 100 | @a20130513d2012 ekmy0chiy0121 ea | |
| 101 | 0 | @achi |
| 102 | @aCN@b110000 | |
| 105 | @ay z 000yy | |
| 106 | @ar | |
| 200 | 1 | @a幼儿心理健康教育@AYou Er Xin Li Jian Kang Jiao Yu@f张大均,刘衍玲主编@FZhang Da Jun, Liu Yan Ling Zhu Bian |
| 210 | @a北京@c开明出版社@d2012.10 | |
| 215 | @a160页@d26cm | |
| 225 | 2 | @a新世纪心理与心理健康教育文库@v51 |
| 330 | @a“新世纪心理与心理健康教育文库”是一套囊括了心理健康教育基础理论、应用理论和实践探索于一体的大型文库。它包涵了心理健康教育理论和实践的各个主要方面,收录了国内外最新理论科研成果及实践操作方法,对我国心理与心理健康教育领域的理论研究和实践探索具有十分重要的意义。 | |
| 461 | 0 | @12001 @a新世纪心理与心理健康教育文库 |
| 606 | 0 | @a幼儿@x心理健康@x健康教育 |
| 690 | @aB844.12@v5 | |
| 701 | 0 | @a张大均@AZhang Da Jun@4主编 |
| 701 | 0 | @a刘衍玲@ALiu Yan Ling@4主编 |
| 801 | @aCN@bTANGWEI@c20130522 | |
| 905 | @b0833253-97@dB844.12@e1158@f5 | |
| 幼儿心理健康教育/张大均,刘衍玲主编.-北京:开明出版社,2012.10 |
| 160页;26cm.-(新世纪心理与心理健康教育文库;51) |
| ISBN 978-7-5131-0226-1:CNY29.00 |
| “新世纪心理与心理健康教育文库”是一套囊括了心理健康教育基础理论、应用理论和实践探索于一体的大型文库。它包涵了心理健康教育理论和实践的各个主要方面,收录了国内外最新理论科研成果及实践操作方法,对我国心理与心理健康教育领域的理论研究和实践探索具有十分重要的意义。 |
| ● |
| 相关链接 |
|
|
|
|
正题名:幼儿心理健康教育
索取号:B844.12/1158
 
预约/预借
| 序号 | 登录号 | 条形码 | 馆藏地/架位号 | 状态 | 备注 |
| 1 | 0833253 | 208332534 | 第一样本阅览室/ [索取号:B844.12/1158] | 在馆 | |
| 2 | 0833254 | 208332543 | 教育系资料室/ [索取号:B844.12/1158] | 在馆 | |
| 3 | 0833255 | 208332552 | 教育系资料室/ [索取号:B844.12/1158] | 在馆 | |
| 4 | 0833256 | 208332561 | 第一借阅区/ [索取号:B844.12/1158] | 在馆 | |
| 5 | 0833257 | 208332570 | 教育系资料室/ [索取号:B844.12/1158] | 在馆 |